Devine le pays avec des emojis ! - Statistiques

Statistiques générales
  • Ce quiz a été pris 418 fois
    417 depuis la dernière actualisation
  • Le résultat moyen est 12 sur 14
Statistiques - réponses
emojis Pays % Correct
🗻🍣 Japon
99%
🍔🗽 États-Unis
98%
🥖🗼 France
98%
🌮🌵 Mexique
97%
🍁❄️ Canada
96%
🐼🎍 Chine
95%
🍀🎩 Irlande
91%
🥨🏰 Allemagne
89%
🍇🏛️ Grèce
87%
🐘🏞️ Inde
74%
🏜️🐪 Egypte
73%
🌷🚴‍♂️ Pays-Bas
73%
🌳🦜 Brésil
58%
🛕🐒 Cambodge
27%
Aucun quiz correspondant
Distribution des résultats
% des personnes avec chaque résultat
Percentile par nombre de réponses
Votre historique - résultats
Vous n’avez pas pris ce quiz depuis la dernière actualisation